The Giraffe Quiz Stats

Quiz Updated Dec 22, 2011

Challenge
Share
Tweet
Embed
Score 0/10 Timer 04:00
0 Plays Today
Giraffe-Themed Question Answer % Correct
Wild giraffes are found prominently in the grasslands and savannas on this continent that contains about one-seventh of the world's population.Africa
95.8%
The blood pressure of the giraffe is the highest of any animal; as such, this internal organ, weighing over 20 pounds in a giraffe, helps to efficiently pump blood to its brain.heart
94.6%
Giraffes are similar to cows in many ways: they both have four-chambered stomachs, travel in groups called herds, and have babies called these.calves
93.6%
In the Broadway production of the musical ''The Lion King'', actors who represent giraffes must cautiously walk on these props to mimic the animal's gait.stilts
91.8%
David Schwimmer provides the voice for Melman, a hypochondriac giraffe and main character in this film franchise named after an island nation.''Madagascar''
89.7%
Since it becomes vulnerable to predators when drinking water at ground-level, the giraffe relies on the water from its diet of this, of which it eats about 75 pounds daily.acacia leaves
89.6%
Named ''Geoffrey'' during a contest held in the 1970s, the spokes-giraffe representing this retail store has been in existence since the 1960s.Toys ''Я'' Us
83.6%
It is allegedly illegal to tie a giraffe to a telephone pole or street lamp in this capital city of the state of Georgia.Atlanta
83%
Because they are both mammals, the necks of humans and giraffes have the same number of vertebrae: this many.seven
76.2%
The three-foot-long tail of the giraffe tries to swat away these flies that try to suck its blood and induce sleeping sickness.tsetse fly
48.7%

You're not logged in!

Compare scores with friends on all Sporcle quizzes.
Join for Free
OR
Log In

You Might Also Like...

Show Comments

Extras

Top Quizzes Today


Score Distribution

Your Account Isn't Verified!

In order to create a playlist on Sporcle, you need to verify the email address you used during registration. Go to your Sporcle Settings to finish the process.

Report this User

Report this user for behavior that violates our Community Guidelines.

Details: